[Event "JUG-chT"]
[Site "Budva"]
[Date "1996.??.??"]
[Round "6"]
[White "Bogdanovski, Vlatko"]
[Black "Drasko, Milan"]
[Result "1/2-1/2"]
[WhiteElo "2455"]
[BlackElo "2505"]

1.d4 Nf6 2.Nf3 e6 3.c4 Bb4+ 4.Nbd2 b6 5.e3 Bb7 6.Bd3 O-O 7.O-O d5 8.a3 Bd6
9.b4 c5 10.bxc5 bxc5 11.cxd5 exd5 12.dxc5 Bxc5 13.Nb3 Be7 14.Bb2 Nbd7 15.Nfd4 Ne4
16.Bxe4 dxe4 17.Nf5 Bf6 18.Bxf6 Nxf6 19.Nc5 Bd5 20.Rc1 Re8 21.Qd4 Qb6 22.Rfd1 Rad8  1/2-1/2

[Event "Buenos Aires op"]
[Site "Buenos Aires"]
[Date "1996.??.??"]
[Round "?"]
[White "Tempone, Marcelo"]
[Black "Mendez, Ernesto"]
[Result "1/2-1/2"]
[WhiteElo "2460"]
[BlackElo "2390"]

1.d4 Nf6 2.c4 e6 3.Nf3 Bb4+ 4.Nbd2 d5 5.g3 O-O 6.Bg2 Nbd7 7.O-O c6 8.Qc2 Be7
9.b3 b6 10.Bb2 Bb7 11.Rad1 Rc8 12.e4 Nxe4 13.Nxe4 dxe4 14.Qxe4 Qc7 15.Qc2 Bf6
16.Rfe1 Rfd8 17.b4 c5 18.dxc5 bxc5 19.b5 Bxb2 20.Qxb2 Nb6 21.Ne5 Bxg2 22.Kxg2 Rd6
23.Nc6 Nxc4 24.Qc3 Rxc6 25.bxc6 Qxc6+ 26.Kg1 Nb6 27.Qa5 Nd5 28.Rb1 a6 29.Rec1  1/2-1/2

[Event "Buenos Aires op"]
[Site "Buenos Aires"]
[Date "1996.??.??"]
[Round "?"]
[White "Toloza, Pablo"]
[Black "Garcia Palermo, Carlos"]
[Result "0-1"]
[WhiteElo "2395"]
[BlackElo "2490"]

1.d4 Nf6 2.c4 e6 3.Nf3 Bb4+ 4.Nbd2 b6 5.a3 Bxd2+ 6.Bxd2 h6 7.Bf4 Bb7 8.e3 d6
9.Rc1 Nh5 10.Bg3 Nxg3 11.hxg3 Nd7 12.Bd3 c5 13.Bc2 Qf6 14.Ba4 O-O-O 15.Rc2 g5
16.Rd2 h5 17.Bxd7+ Rxd7 18.dxc5 bxc5 19.Rxd6 Rhd8 20.Rxd7 Rxd7 21.Qe2 g4
22.Nh4 Be4 23.f3 Bd3 24.Qd2 Bxc4 25.Qc2 Qd8 26.b4 Kb8  0-1

[Event "Buenos Aires Najdorf"]
[Site "Buenos Aires"]
[Date "1996.??.??"]
[Round "6"]
[White "Sorin, Ariel"]
[Black "Slipak, Sergio"]
[Result "1-0"]
[WhiteElo "2505"]
[BlackElo "2535"]

1.d4 Nf6 2.c4 e6 3.Nf3 Bb4+ 4.Nbd2 b6 5.e3 Bb7 6.Bd3 O-O 7.O-O c5 8.a3 Bxd2
9.Bxd2 Ne4 10.Bxe4 Bxe4 11.Bc3 d6 12.Nd2 Bb7 13.dxc5 bxc5 14.f4 Nc6 15.Ne4 Nd4
16.Nxc5 Bxg2 17.Qxd4 e5 18.fxe5 Qg5 19.Qf4 Qg6 20.exd6 Bxf1+ 21.Kxf1 Rac8
22.Bd4 Rc6 23.Nd7 Qd3+ 24.Kg1  1-0

[Event "Cannes Martinez op"]
[Site "Cannes"]
[Date "1996.??.??"]
[Round "4"]
[White "Labarthe, Arnaud"]
[Black "Fiol, Fabrice"]
[Result "0-1"]
[WhiteElo "2075"]
[BlackElo "2190"]

1.d4 Nf6 2.c4 e6 3.Nf3 Bb4+ 4.Nbd2 b6 5.a3 Bxd2+ 6.Bxd2 Bb7 7.Bg5 h6 8.Bh4 d6
9.e3 g5 10.Bg3 Ne4 11.b4 Nd7 12.Qb3 a5 13.Rc1 axb4 14.axb4 h5 15.h4 g4 16.Ng5 Nxg5
17.hxg5 Qxg5 18.Bh4 Qg7 19.Rg1 O-O 20.Rb1 f5 21.c5 Bd5 22.Bc4 Bxc4 23.Qxc4 Qf7
24.c6 b5 25.Qxb5 Nb6 26.Kd2 Nd5 27.Ra1 Rab8 28.Qa5 Rxb4 29.Rab1 Rb6 30.Rxb6 Nxb6
31.Qb5 Ra8 32.Rc1 Qe8 33.f4 Ra2+ 34.Rc2 Qa8 35.Qb3 Rxc2+ 36.Qxc2 Qa5+ 37.Ke2 Qd5
38.Bf6 Kf7 39.e4 Qb5+ 40.Kf2 Kxf6 41.Qd2 Kg6 42.Kg3  0-1

[Event "Cannes op"]
[Site "Cannes"]
[Date "1996.??.??"]
[Round "7"]
[White "Cebalo, Miso"]
[Black "Knezevic, Bojan"]
[Result "1-0"]
[WhiteElo "2495"]
[BlackElo "2380"]

1.d4 Nf6 2.Nf3 e6 3.c4 Bb4+ 4.Nbd2 b6 5.a3 Bxd2+ 6.Bxd2 Bb7 7.Bf4 d6 8.e3 Nbd7
9.Be2 h6 10.h3 a5 11.O-O a4 12.Nd2 e5 13.Bg3 O-O 14.Bd3 Ra5 15.Re1 Re8 16.Rc1 Qa8
17.Bf1 Ne4 18.Nxe4 Bxe4 19.Qd2 Bc6 20.f3 Qd8 21.c5 dxc5 22.dxe5 Qg5 23.Kh2 Qe7
24.e6 Qxe6 25.Bxc7 Ra7 26.Bg3 Bd5 27.Rc3 Ne5 28.Bb5 Rc8 29.f4 Nc4 30.Qd1 Qe4
31.Re2 Nd6 32.Rd3 Bc4 33.Rxd6 Bxb5 34.Red2 Rb7 35.Rxb6 Re8 36.Rbd6 Qxe3 37.Qg4 Qe4
38.Bh4 Qh7 39.R2d5 Bc4  1-0

[Event "Cappelle op"]
[Site "Cappelle la Grande "]
[Date "1996.??.??"]
[Round "5"]
[White "Ruzele, Darius"]
[Black "Kuzmin, Gennadi P"]
[Result "1/2-1/2"]
[WhiteElo "2465"]
[BlackElo "2535"]

1.d4 Nf6 2.c4 e6 3.Nf3 Bb4+ 4.Nbd2 b6 5.a3 Bxd2+ 6.Bxd2 h6 7.g3 Bb7 8.Bg2 Be4
9.O-O O-O 10.Bc1 d6  1/2-1/2

[Event "Catalunya-chT"]
[Site "Catalunya"]
[Date "1996.??.??"]
[Round "?"]
[White "Granados Gomez, Manuel"]
[Black "Rahal, Michael"]
[Result "1/2-1/2"]
[WhiteElo "2350"]
[BlackElo "2340"]

1.d4 e6 2.Nf3 Nf6 3.c4 Bb4+ 4.Nbd2 b6 5.g3 Bb7 6.Bg2 O-O 7.O-O c5 8.a3 Bxd2
9.Qxd2 d6 10.dxc5 bxc5 11.Rd1 Ne4 12.Qe3 Qe7 13.Nh4 f5 14.f3 f4 15.gxf4 Qxh4
16.fxe4 Nc6 17.Qf2 Qe7 18.e3 Rab8 19.Bd2 Ba6 20.Bc3 Bxc4 21.Kh1 e5 22.Qg3 Rb7
23.Rd2 Bb3 24.Rg1 Rf6 25.f5 Nb8 26.Bf3 Nd7 27.Rdg2 Nb6 28.Qh4 Qf8 29.Bh5 Na4
30.Be1 Bc4 31.Qg5 h6 32.Qg4 Nxb2 33.Bh4 Bd3 34.Be8 Nc4 35.Qf3 d5 36.exd5 Nd6
37.Bxf6 Be4 38.Qg3 Bxg2+ 39.Qxg2 Qxf6 40.Bc6 Re7 41.e4 Qh4 42.Qg4 Qxg4 43.Rxg4 Rf7
44.Kg2 Rf6 45.Bd7 Kh7 46.Rg3 c4 47.Kf3 Rf7 48.Bc6 g6 49.Rg1 gxf5 50.exf5 Rxf5+
51.Ke3 Rh5 52.Kd2 Rh3 53.a4 a5 54.Rg2 Ra3 55.Kc1 c3 56.Kb1 e4 57.Bd7 Rb3+
58.Kc1 h5 59.Rg3 Kh6 60.Kc2 Rb2+ 61.Kxc3 Rxh2 62.Kd4 h4 63.Rg1 Rd2+ 64.Ke5 Nf7+
65.Kxe4 Ng5+ 66.Kf4 Rxd5 67.Bc6 Rd4+ 68.Kf5 Nh3 69.Rg6+ Kh7 70.Rg4 Rxg4 71.Kxg4 Nf2+
72.Kxh4 Nd1  1/2-1/2

[Event "Capablanca mem-B"]
[Site "Cienfuegos"]
[Date "1996.??.??"]
[Round "4"]
[White "Pecorelli Garcia, Humberto"]
[Black "Vilela, Jose Luis"]
[Result "1/2-1/2"]
[WhiteElo "2430"]
[BlackElo "2435"]

1.Nf3 Nf6 2.c4 e6 3.d4 Bb4+ 4.Nbd2 b6 5.e3 Bb7 6.Be2 O-O 7.a3 Bxd2+ 8.Qxd2 d6
9.b3 Nbd7 10.Bb2 Ne4 11.Qc2 f5 12.O-O Rf6 13.d5 e5 14.Ne1 Rh6 15.g3 Qg5 16.f4 Qg6
17.Bf3 Re8 18.Qg2 Ndf6 19.fxe5 dxe5 20.Nd3 Nd7 21.g4 Nec5 22.Nxc5 Nxc5 23.g5 Rh4
24.Qg3 Re4 25.b4 Rxe3 26.bxc5 f4 27.Qg2 e4 28.Bg4 f3 29.Qg3 Re2 30.Rf2 Rxf2
31.Qxf2 bxc5 32.h4 Bc8 33.Qg3 Bxg4 34.Qxg4 h5 35.Qf4 Rf8 36.Qe5 Re8 37.Qf4 Rf8
38.Qe5 Re8 39.Qf4  1/2-1/2

[Event "Nord Cup 2nd"]
[Site "Duesseldorf"]
[Date "1996.??.??"]
[Round "1"]
[White "Mrochen, Markus"]
[Black "Wiertzema, Michael"]
[Result "0-1"]
[WhiteElo "1750"]
[BlackElo "2230"]

1.d4 Nf6 2.c4 e6 3.Nf3 Bb4+ 4.Nbd2 d5 5.Qa4+ Nc6 6.e3 Bd7 7.Qc2 Be7 8.Bd3 Nb4
9.Qc3 Nxd3+ 10.Qxd3 O-O 11.Ne5 Be8 12.O-O Nd7 13.Qb3 Nxe5 14.dxe5 b6 15.Rd1 c5
16.e4 d4 17.f4 Bc6 18.Qh3 Qc7 19.Re1 Rfd8 20.Nf3 Qb7 21.f5 Bxe4 22.fxe6 Bg6
23.exf7+ Bxf7 24.Ng5 Bg6 25.Qe6+ Kh8 26.Bd2 Qd7 27.Rf1 Bxg5 28.Qxd7 Rxd7
29.Bxg5 Bd3 30.Rfc1 Re8 31.Bf4 Rf7 32.Bg3 g5 33.b3 Be2 34.Re1 d3 35.h3 h5
36.a3 Kh7 37.Ra2 h4 38.Bh2 Ref8 39.Raa1 Rf2 40.e6 d2  0-1

[Event "Essen tt"]
[Site "Essen"]
[Date "1996.??.??"]
[Round "?"]
[White "Henrichs, Thomas"]
[Black "Balduan, Markus"]
[Result "1-0"]
[WhiteElo "2340"]
[BlackElo "2300"]

1.d4 Nf6 2.c4 e6 3.Nf3 Bb4+ 4.Nbd2 O-O 5.a3 Bxd2+ 6.Qxd2 d6 7.e3 Qe7 8.b3 e5
9.dxe5 dxe5 10.Bb2 Nbd7 11.Be2 b6 12.O-O Bb7 13.Rfd1 Rad8 14.Qc2 Ne4 15.b4 Ng5
16.Ne1 c5 17.Nd3 f6 18.Qa4 a6 19.Qb3 Qe6 20.bxc5 Qc6 21.f3 Nxc5 22.Nxc5 Qxc5
23.a4 Rxd1+ 24.Rxd1 Rc8 25.Ba3 Qc7 26.Rd6 Bc6 27.c5+ Nf7 28.cxb6 Bxa4 29.Qxa4 Qc3
30.Rd3  1-0

[Event "POR-chT9596"]
[Site "Evora"]
[Date "1996.??.??"]
[Round "?"]
[White "Santos, Jose P"]
[Black "Santos, Luis M"]
[Result "1/2-1/2"]
[WhiteElo "2355"]
[BlackElo "2370"]

1.d4 Nf6 2.c4 e6 3.Nf3 Bb4+ 4.Nbd2 O-O 5.g3 b6 6.Bg2 Bb7 7.O-O Bxd2 8.Bxd2 d6
9.Bc3 Nbd7 10.b3 Qe7 11.Qc2 Rab8 12.Rfd1 Be4 13.Qb2 b5 14.cxb5 Rxb5 15.Rac1 Nd5
16.Be1 f5 17.Nd2 Bxg2 18.Kxg2 c5  1/2-1/2

[Event "Eikrem mem"]
[Site "Gausdal"]
[Date "1996.??.??"]
[Round "7"]
[White "Ivanov, Mikhail M"]
[Black "Gausel, Einar"]
[Result "0-1"]
[WhiteElo "2465"]
[BlackElo "2520"]

1.d4 Nf6 2.c4 e6 3.Nf3 Bb4+ 4.Nbd2 b6 5.g3 Bb7 6.Bg2 O-O 7.O-O c5 8.dxc5 Bxc5
9.b3 a6 10.a3 Be7 11.Bb2 d6 12.e4 Nbd7 13.Nd4 Qc7 14.Qe2 Rfe8 15.Rac1 Bf8
16.Kh1 g6 17.f4 Bg7 18.N4f3 Rad8 19.b4 Nxe4 20.Nxe4 Bxe4 21.Bxg7 Bxf3 22.Qb2 Bxg2+
23.Kxg2 e5 24.Bh6 Re6 25.Kg1 Qb7 26.Rf2 Rde8 27.Rcf1 Qe4 28.Qc1 f5 29.Re1 Qc6
30.Bg5 exf4 31.Rxe6 Rxe6 32.Bxf4 Nf6 33.Rc2 Qe8 34.Kf1 Ng4 35.Qd1 Qf7 36.Qd5 b5
37.Re2 Rxe2 38.Qxf7+ Kxf7 39.Kxe2 Nxh2 40.Bxd6 bxc4 41.a4 Ke6 42.Bf4 Kd5
43.Be3 Ng4 44.Bg1 Nf6 45.b5 axb5 46.axb5 Ne4 47.b6 Kc6 48.Kf3 c3  0-1

[Event "Geneve op"]
[Site "Geneve"]
[Date "1996.??.??"]
[Round "4"]
[White "Bennett, John"]
[Black "Petit, Rene"]
[Result "1/2-1/2"]
[WhiteElo "2190"]
[BlackElo "2120"]

1.d4 Nf6 2.c4 e6 3.Nf3 Bb4+ 4.Nbd2 b6 5.g3 Bb7 6.Bg2 c5 7.a3 Bxd2+ 8.Bxd2 O-O
9.O-O cxd4 10.Bb4 Re8 11.Bd6 Qc8 12.Qxd4 Nc6 13.Qh4 Ne7 14.Bxe7 Rxe7 15.Rac1 d6
16.Rfd1 Rd7 17.Qf4 Qd8 18.h4 Rc8 19.Bh3 h6 20.g4 Ne4 21.g5 hxg5 22.Nxg5 Nxg5
23.hxg5 Rc5 24.b4 Rxg5+ 25.Kh2 d5 26.cxd5 Rgxd5 27.Rg1 g5 28.e4 Kf8 29.Qf3 Rd3
30.Qh5 Qf6 31.Qxg5 Qxg5 32.Rxg5 Rxa3 33.e5 Ra2 34.Kg1 Rb2 35.Bg2 Bxg2 36.Kxg2 a5
37.bxa5 bxa5 38.Rc8+ Ke7 39.Rgg8 Rdb7 40.Rge8+ Kd7  1/2-1/2

[Event "Oberliga Nord O9697"]
[Site "Germany"]
[Date "1996.??.??"]
[Round "?"]
[White "Muse, Drazen"]
[Black "Fuchs, Reinhart"]
[Result "1/2-1/2"]
[WhiteElo "2335"]
[BlackElo "2430"]

1.d4 Nf6 2.c4 e6 3.Nf3 Bb4+ 4.Nbd2 O-O 5.a3 Be7 6.e3 b6 7.Bd3 c5 8.dxc5 bxc5
9.O-O Nc6 10.Qc2 d5 11.e4 dxe4 12.Nxe4 h6 13.Nxf6+ Bxf6 14.Be4 Bb7 15.Be3 Qc7
16.Rad1 Rfd8 17.b4 cxb4 18.Qa4 Nd4 19.Rxd4 Bxd4 20.Bxb7 Qxb7 21.Nxd4 Rac8
22.c5 bxa3 23.Qxa3 Rd5 24.Rc1 a5 25.h3 Qb4 26.Qxb4 axb4 27.Nb3 Rd3 28.Rb1 Kf8
29.Na5 Ra8 30.Nc4 b3 31.Nb6 Ra2 32.c6 Rc2 33.Nd7+ Ke8 34.Kh2 b2 35.Nb6 Rb3
36.Na4 Rxc6 37.Rxb2 Rxb2 38.Nxb2 e5 39.g4 f6 40.Nd3 Kf7 41.h4 g5 42.Kg3 Ke6
43.Kf3 gxh4 44.Nc1 f5 45.gxf5+ Kxf5 46.Kg2 Kg4 47.Nd3 h3+ 48.Kh2 Re6 49.Nc5 Rg6
50.Nd7 Re6 51.Bc5 e4 52.Be3 h5 53.Nc5 Re7 54.Bd4 Kf3 55.Be3 Kg4 56.Nb3 Ra7
57.Nd2 Re7 58.Nc4 Rc7 59.Nd6 Re7 60.Nb5 Rd7 61.Nd4 Rd6 62.Nb3 Re6 63.Nd4 Rd6
64.Kh1 Rd5 65.Kg1 Rd7 66.Kh2 Rd6 67.Nb5 Rd5 68.Nc3 Rd3  1/2-1/2

[Event "Landesliga N9596 Bayern"]
[Site "Germany"]
[Date "1996.??.??"]
[Round "?"]
[White "Bartels, Frank"]
[Black "Karlik, Jiri"]
[Result "1-0"]
[WhiteElo "2345"]
[BlackElo "2300"]

1.d4 Nf6 2.Nf3 e6 3.c4 Bb4+ 4.Nbd2 c5 5.a3 Bxd2+ 6.Bxd2 cxd4 7.Nxd4 Nc6 8.Bc3 O-O
9.Nxc6 dxc6 10.Qxd8 Rxd8 11.f3 Ne8 12.e4 c5 13.Rd1 Bd7 14.b3 f6 15.e5 f5
16.Bd3 Bc6 17.Ke2 Kf7 18.Bc2 Rxd1 19.Rxd1 a5 20.a4 b6 21.g4 g6 22.Ke3 Ke7
23.Be1 Rb8 24.Bh4+ Kf7 25.Rd8 Rb7 26.Rc8 Bd7 27.Ra8 h6 28.gxf5 g5 29.fxe6+ Bxe6
30.Bf2 Ng7 31.Be4 Nf5+ 32.Ke2 Re7 33.Rb8 Ng7 34.Rxb6 Bf5 35.Bxf5  1-0

[Event "Oberliga Nord O9697"]
[Site "Germany"]
[Date "1996.??.??"]
[Round "?"]
[White "Muse, Drazen"]
[Black "Pritchett, Craig William"]
[Result "0-1"]
[WhiteElo "2335"]
[BlackElo "2350"]

1.d4 Nf6 2.c4 e6 3.Nf3 Bb4+ 4.Nbd2 b6 5.a3 Bxd2+ 6.Bxd2 Bb7 7.Bg5 d6 8.e3 h6
9.Bh4 g5 10.Bg3 Ne4 11.Nd2 Nxg3 12.hxg3 Nd7 13.Qc2 Qe7 14.O-O-O O-O-O 15.f3 h5
16.Be2 g4 17.Rh4 gxf3 18.gxf3 Qg5 19.Nf1 f5 20.d5 e5 21.Kb1 Rdf8 22.c5 dxc5
23.Qa4 f4 24.Bb5 Nb8 25.exf4 exf4 26.Rxf4 Rxf4 27.gxf4 Qf5+ 28.Bd3 Qd7 29.Qxa7 Rf8
30.Ne3 c4 31.Be4 c3 32.Nc4 Qb5 33.Rd4 Nd7 34.d6 c6 35.Ne5 Qxb2+  0-1

[Event "BL2-O9596"]
[Site "Germany"]
[Date "1996.??.??"]
[Round "?"]
[White "David, Rene"]
[Black "Cordes, Hans Joerg"]
[Result "0-1"]
[WhiteElo "2240"]
[BlackElo "2300"]

1.d4 Nf6 2.Nf3 e6 3.c4 Bb4+ 4.Nbd2 b6 5.a3 Bxd2+ 6.Bxd2 Bb7 7.Bg5 d6 8.e3 Nbd7
9.Be2 h6 10.Bh4 Qe7 11.Qc2 g5 12.Bg3 Ne4 13.O-O-O f5 14.Ne1 O-O-O 15.f3 Nxg3
16.hxg3 h5 17.Nd3 c5 18.dxc5 bxc5 19.Nf2 Nb6 20.e4 f4 21.g4 h4 22.Rd2 Nd7
23.Nd3 e5 24.Qa4 Kb8 25.Rhd1 Rc8 26.b4 Nb6 27.Qb3 Nxc4 28.bxc5 Nxd2 29.Rxd2 dxc5
30.Nb2 Rhd8 31.Rxd8 Qxd8 32.Ba6 Qb6 33.Qxb6 axb6 34.Bxb7 Kxb7 35.Nc4 Rc7
36.Nxe5 c4 37.Kc2 b5 38.Kc3 Kb6 39.Ng6 Rd7 40.Ne5 Rd1 41.Nf7 Rd3+ 42.Kc2 Rxa3  0-1

[Event "Gran Canaria op"]
[Site "Gran Canaria"]
[Date "1996.??.??"]
[Round "?"]
[White "Perez Rosales, Pedro"]
[Black "Meyer, J."]
[Result "1-0"]
[WhiteElo "2285"]
[BlackElo "2095"]

1.d4 Nf6 2.c4 e6 3.Nf3 Bb4+ 4.Nbd2 O-O 5.Qc2 d5 6.e3 Nbd7 7.a3 Bxd2+ 8.Bxd2 Ne4
9.Bd3 f5 10.O-O c6 11.Rfc1 Ndf6 12.Bb4 Nd6 13.Ne5 a5 14.Bxd6 Qxd6 15.c5 Qc7
16.b4 g5 17.Be2 Bd7 18.Rcb1 axb4 19.Rxb4 h5 20.f3 h4 21.Bf1 Nh5 22.f4 g4
23.Qb1 Rfb8 24.Qe1 g3 25.h3 Kg7 26.Be2 Nf6 27.Nf3 Rh8 28.Nxh4 Ne4 29.Nf3 Kf6
30.Rab1 Ra7 31.R1b3 Bc8 32.Bd3 Nf2 33.Ng5 Qg7 34.Qe2 Rh4 35.Qf3 Ne4 36.Bxe4  1-0

[Event "Koop Tjuchem op"]
[Site "Groningen"]
[Date "1996.??.??"]
[Round "2"]
[White "Mikhalevski, Victor"]
[Black "Lomineishvili, Maia"]
[Result "1-0"]
[WhiteElo "2500"]
[BlackElo "2320"]

1.d4 Nf6 2.c4 e6 3.Nf3 Bb4+ 4.Nbd2 b6 5.a3 Bxd2+ 6.Bxd2 Bb7 7.Bg5 d6 8.e3 Nbd7
9.Qc2 h6 10.Bh4 g5 11.Bg3 Ne4 12.Bd3 Ndf6 13.O-O-O Qe7 14.d5 Nc5 15.e4 e5
16.h4 g4 17.Nh2 a5 18.Nf1 Nh5 19.Be2 Bc8 20.Ne3 Bd7 21.Nf5 Qf6 22.Bxg4 Ba4
23.Qe2 Bxd1 24.Rxd1 Ng7 25.Kc2 a4 26.f3 h5 27.Bh3 Nxf5 28.Bxf5 Rg8 29.Be1 Nb3
30.g4 Nd4+ 31.Rxd4 exd4 32.g5 Qe5 33.Qd2 b5 34.f4 d3+ 35.Kxd3 bxc4+ 36.Kxc4 Qe7
37.Qb4 Qd8 38.Qb5+ Kf8 39.Bb4 Rb8 40.Qxa4 Qe8 41.Qxe8+ Kxe8 42.Bc3 Rb6 43.b4 Ra6
44.Kb3 c6 45.Bf6 cxd5 46.exd5 Rg6 47.Bd4 Kd8 48.b5 Ra8 49.b6 Ra5 50.Bxg6 fxg6
51.f5 gxf5 52.g6 Kd7 53.g7 Ra8 54.b7 Rb8 55.Ba7  1-0

[Event "Koop Tjuchem op"]
[Site "Groningen"]
[Date "1996.??.??"]
[Round "6"]
[White "Grooten, Herman"]
[Black "Finkel, Alexander"]
[Result "0-1"]
[WhiteElo "2375"]
[BlackElo "2505"]

1.d4 Nf6 2.c4 e6 3.Nf3 Bb4+ 4.Nbd2 b6 5.g3 Bb7 6.Bg2 O-O 7.O-O h6 8.a3 Bxd2
9.Bxd2 d6 10.b4 Qe7 11.Bc3 Nbd7 12.Bb2 Be4 13.Qb3 a5 14.Bh3 a4 15.Qe3 c6
16.Nd2 Bg6 17.f3 d5 18.Qc3 b5 19.c5 Rfe8 20.Rae1 e5 21.e4 dxe4 22.dxe5 Qxe5
23.Nxe4 Nxe4 24.fxe4 Qxc3 25.Bxc3 Ne5 26.Bxe5 Rxe5 27.Bd7 Ra6 28.Rf4 Re7
29.Bh3 Ra8 30.e5 Rd8 31.Bg2 Re6 32.Bh3 Re7 33.e6 fxe6 34.Rxe6 Rxe6 35.Bxe6+ Kh7
36.Bg4 Rd3 37.Rf3 Rb3 38.Kf2 Rb2+ 39.Ke3 Rb3+ 40.Kf4 Bc2 41.h4 g6 42.h5 g5+
43.Ke5 Kg7 44.Kd4 Rb1 45.Be6 Re1 46.Re3 Ra1 47.Ke5 Bb3 48.Kd6 Rxa3 49.Rf3 g4
50.Rf7+ Kh8 51.Rf6 Bxe6 52.Rxh6+ Kg7 53.Rxe6 Rb3 54.Rg6+ Kh7 55.Rxg4 a3 56.Re4 Rxb4
57.Re1 Rb2 58.Kxc6 b4 59.Kb5 a2 60.Re7+ Kh6 61.Ra7 b3 62.Kb4 Rb1 63.g4 Kg5
64.h6 Kxh6 65.Kc3 Kg5 66.Ra4 a1=Q+ 67.Rxa1 Rxa1 68.Kxb3 Kxg4 69.Kc4 Kf5 70.Kd5 Rd1+  0-1

[Event "Koop Tjuchem op"]
[Site "Groningen"]
[Date "1996.??.??"]
[Round "7"]
[White "Mikhalevski, Victor"]
[Black "Milos, Gilberto"]
[Result "0-1"]
[WhiteElo "2500"]
[BlackElo "2605"]

1.d4 Nf6 2.Nf3 e6 3.c4 Bb4+ 4.Nbd2 d5 5.g3 O-O 6.Bg2 b6 7.cxd5 exd5 8.O-O Re8
9.Ne5 Bb7 10.Ndc4 Qc8 11.Ne3 Bf8 12.b4 Qe6 13.Qb3 Nc6 14.Nxc6 Qxc6 15.b5 Qd7
16.a4 a6 17.Rb1 axb5 18.axb5 Ne4 19.Nd1 h5 20.f3 Nd6 21.Nc3 Nc4 22.e4 Na3
23.Rb2 dxe4 24.fxe4 Qxd4+ 25.Rbf2 Qc4 26.Qxc4 Nxc4 27.Rxf7 Bd6 28.Kh1 Be5
29.Nd5 Bxd5 30.exd5 Ra1 31.Bh3 Rxc1 32.Rxc1 Kxf7 33.Rxc4 Ra8 34.Re4 Ra1+
35.Kg2 Kf6 36.Re2 g5 37.Be6 g4 38.h3 Ra3 39.hxg4 Rxg3+ 40.Kf2 h4 41.g5+ Rxg5
42.Kf3 Rg1 43.Re4 h3  0-1

[Event "Hafnarfjordur op"]
[Site "Hafnarfjordur"]
[Date "1996.??.??"]
[Round "2"]
[White "Blees, Albert"]
[Black "Karason, Askell O"]
[Result "1-0"]
[WhiteElo "2415"]
[BlackElo "2245"]

1.d4 Nf6 2.c4 e6 3.Nf3 Bb4+ 4.Nbd2 b6 5.a3 Bxd2+ 6.Bxd2 Bb7 7.Bg5 d6 8.e3 h6
9.Bh4 g5 10.Bg3 Ne4 11.Nd2 Nxd2 12.Qxd2 Nd7 13.h4 Nf6 14.f3 g4 15.e4 Nh5
16.Bf2 gxf3 17.gxf3 Qf6 18.Be2 O-O-O 19.O-O-O Rhg8 20.Rdg1 Rxg1+ 21.Rxg1 Bxe4
22.fxe4 Qxf2 23.Rf1 Qxh4 24.Qxh6 Qxe4 25.Qxh5 Qxd4 26.Rxf7 Rg8 27.Kb1 Rg1+
28.Ka2 Rg3 29.Qb5 Qe3 30.Qd7+  1-0

[Event "Hamburg HSK"]
[Site "Hamburg"]
[Date "1996.??.??"]
[Round "6"]
[White "Reeh, Oliver"]
[Black "Wahls, Matthias"]
[Result "1/2-1/2"]
[WhiteElo "2420"]
[BlackElo "2540"]

1.d4 Nf6 2.c4 e6 3.Nf3 Bb4+ 4.Nbd2 O-O 5.a3 Be7 6.g3 b6 7.Bg2 Bb7 8.O-O c5
9.dxc5 bxc5 10.b3 Nc6 11.Bb2 Qc7 12.Qc2 h6 13.Rab1 Rab8 14.e3 Ba8 15.Rfd1 Rb6
16.Ne1 Rfb8 17.Nd3 d6 18.Bc3 a5 19.Nb2 Ra6 20.Na4 Na7 21.Bxa8 Rxa8 22.Bxf6 Bxf6
23.Ne4 Be7 24.Nac3 Rd8 25.Nb5 Nxb5 26.cxb5 Rb6 27.a4 d5 28.Nc3 Rbd6 29.Ne2 Qb6  1/2-1/2

[Event "HUN-chT1 9697"]
[Site "Hungary"]
[Date "1996.??.??"]
[Round "1"]
[White "Certek, Pavel"]
[Black "Egedi, Istvan"]
[Result "0-1"]
[WhiteElo "2260"]
[BlackElo "2305"]

1.d4 Nf6 2.c4 e6 3.Nf3 Bb4+ 4.Nbd2 O-O 5.e3 d6 6.Qc2 Nc6 7.Bd3 e5 8.d5 Ne7
9.a3 Bxd2+ 10.Nxd2 a5 11.b3 Kh8 12.O-O Ng6 13.f3 Nd7 14.Ne4 b6 15.Bd2 f5
16.Ng3 Nc5 17.f4 Nxd3 18.Qxd3 Bd7 19.Bc3 Qe7 20.Rae1 Rae8 21.Qd1 Qh4 22.Qh5 Qxh5
23.Nxh5 Kg8 24.a4 Re7 25.Kf2 Rfe8 26.g3 Kf7 27.h3 Nf8 28.fxe5 dxe5 29.g4 g6
30.Ng3 fxg4 31.hxg4 Bxg4 32.Ne4 Kg7 33.Kg3 Bf5 34.d6 Rd7 35.Ng5 Rxd6 36.e4 Bd7
37.Re3 Rf6 38.Rd1 Bc6 39.Nf3 Rfe6 40.c5 Nd7 41.Ng5 Rf6 42.cxb6 cxb6 43.Nf3 Kg8
44.Rde1 h6 45.Bb2 g5 46.Rc1 Rfe6 47.Nxe5 Nxe5 48.Bxe5 Bxa4 49.Bd4 Rxe4 50.Rxe4 Rxe4
51.Bxb6 Bxb3 52.Bxa5 Kf7 53.Rc7+ Kg6 54.Bc3 Re3+ 55.Kf2 Rd3 56.Rc6+ Kf5 57.Bg7 h5
58.Rc3 Rd7 59.Rf3+ Kg6 60.Be5 Bf7 61.Rf6+ Kh7 62.Rf5 Kh6 63.Rf6+ Bg6 64.Rc6 Rd5
65.Re6 h4 66.Bc7 Kh5 67.Re2 Kg4 68.Kg2 Bd3 69.Re1 Rc5 70.Bb6 Rc2+ 71.Kg1 Be2
72.Kf2 Bf3+ 73.Ke3 h3 74.Kd3 Rg2 75.Bc7 h2 76.Rh1 Kh3 77.Ke3 g4 78.Bxh2 Re2+  0-1

[Event "ISR-chT"]
[Site "Israel"]
[Date "1996.??.??"]
[Round "1"]
[White "Lahav, Ehud"]
[Black "Kosashvili, Yona"]
[Result "1/2-1/2"]
[WhiteElo "2365"]
[BlackElo "2580"]

1.d4 Nf6 2.Nf3 e6 3.c4 Bb4+ 4.Nbd2 b6 5.a3 Bxd2+ 6.Bxd2 Bb7 7.Bg5 h6 8.Bh4 d6
9.e3 Nbd7 10.Bd3 g5 11.Bg3 h5 12.h4 g4 13.Nd2 Bxg2 14.Rg1 Bb7 15.Qa4 Qe7
16.O-O-O e5 17.dxe5 dxe5 18.Bf5 Kf8 19.Qc2 Re8 20.e4 Nc5 21.b4 Ncd7 22.Qc3 a5
23.f3 axb4 24.axb4 Nb8 25.c5 bxc5 26.b5 gxf3 27.Nxf3 Nbd7 28.Bf2 Rg8 29.Ng5 Rg7
30.Rd2 c4 31.Rgd1 Bc8 32.Qxc4 Kg8 33.Qxc7 Qa3+ 34.Rb2 Qa1+ 35.Kc2 Qa4+ 36.Kc1 Qa1+
37.Kc2 Qa4+  1/2-1/2

[Event "ISR-chT"]
[Site "Israel"]
[Date "1996.??.??"]
[Round "8"]
[White "Mikhalevski, Victor"]
[Black "Kosashvili, Yona"]
[Result "0-1"]
[WhiteElo "2495"]
[BlackElo "2580"]

1.d4 Nf6 2.c4 e6 3.Nf3 Bb4+ 4.Nbd2 b6 5.a3 Bxd2+ 6.Bxd2 Bb7 7.Bg5 d6 8.e3 Nbd7
9.Qc2 Qe7 10.Bd3 h6 11.Bh4 c5 12.Be2 Rc8 13.Rd1 cxd4 14.Nxd4 a6 15.f3 d5
16.Qb3 O-O 17.cxd5 Bxd5 18.Qb4 Qxb4+ 19.axb4 Bc4 20.Rc1 b5 21.e4 Nh5 22.Kd2 Nf4
23.Bxc4 bxc4 24.Bg3 Nd3 25.Ra1 Rfd8 26.Kc3 Nf6 27.Ne2 Nh5 28.Rxa6 Nxg3 29.Nxg3 Nf4
30.Rha1 Rd3+ 31.Kc2 Nxg2 32.Nf1 Kh7 33.Ra8 Ne1+ 34.Kc1 Rxa8 35.Rxa8 Nxf3
36.Rc8 Ne5 37.Nd2 Rd7 38.Kc2 Nd3 39.Rxc4 Ne1+ 40.Kd1 Nf3 41.Rc2 Kg6 42.Kc1 Nxd2
43.Rxd2 Rxd2 44.Kxd2 Kf6 45.Kd3 Ke5 46.Kc4 Kd6 47.e5+ Kc6 48.h4 g6 49.Kd4 Kb5
50.Kc3 g5 51.h5 g4  0-1

[Event "ISR-chT"]
[Site "Israel"]
[Date "1996.??.??"]
[Round "9"]
[White "Mikhalevski, Alexander"]
[Black "Zoler, Dan"]
[Result "1/2-1/2"]
[WhiteElo "2435"]
[BlackElo "2455"]

1.d4 Nf6 2.c4 e6 3.Nf3 Bb4+ 4.Nbd2 b6 5.a3 Bxd2+ 6.Qxd2 Bb7 7.g3 d5 8.cxd5 Bxd5
9.Bg2 Nbd7 10.b4 a5 11.O-O Ne4 12.Qb2 axb4 13.axb4 Rxa1 14.Qxa1 O-O 15.Bf4 Qe7
16.Qb1 Ra8 17.Rc1 g5 18.Rxc7 gxf4 19.Ne5 f3 20.Rxd7 Qxd7 21.Nxd7 Nc3 22.Nf6+ Kf8
23.Qe1 Nxe2+ 24.Kf1 fxg2+ 25.Kxe2 Bc4+ 26.Kf3 Bf1 27.Qe5 g1=Q 28.Nxh7+ Ke8
29.Nf6+ Kf8 30.Nh7+ Ke8 31.Nf6+ Kf8  1/2-1/2

[Event "ISR-chT"]
[Site "Israel"]
[Date "1996.??.??"]
[Round "10"]
[White "Kanstler, Boris"]
[Black "Kosashvili, Yona"]
[Result "1/2-1/2"]
[WhiteElo "2475"]
[BlackElo "2580"]

1.d4 Nf6 2.c4 e6 3.Nf3 Bb4+ 4.Nbd2 b6 5.a3 Bxd2+ 6.Qxd2 Bb7 7.e3 O-O 8.Be2 d6
9.b4 Nbd7 10.Bb2 Qe7 11.O-O Rfd8 12.Qc2 c5 13.Rfd1 Rac8 14.bxc5 dxc5 15.a4 cxd4
16.exd4 Qb4 17.Ba3 Qa5 18.Qb3 Qf5 19.a5 Nh5 20.Nh4 Qg5 21.g3 Nf4 22.Bf3 Bxf3
23.Nxf3 Qg4 24.Be7 Re8 25.Bd6 Nh3+ 26.Kg2 Nf6 27.axb6 axb6 28.Re1 Nh5 29.Qe3 Red8
30.c5 Nf6 31.Ne5 Qf5 32.g4 Nxg4 33.Qxh3 Qxf2+ 34.Kh1 Qxe1+ 35.Rxe1 Nf2+ 36.Kg2 Nxh3
37.Kxh3 f6 38.Nc4 bxc5 39.dxc5 Rxd6 40.Nxd6 Rxc5 41.Rxe6 h5 42.Kg3 Kh7 43.Kf4 Rc6
44.Kf5 Rc5+ 45.Kf4 Rc6 46.Kf5 Rc5+  1/2-1/2

[Event "ISR-chT"]
[Site "Israel"]
[Date "1996.??.??"]
[Round "11"]
[White "Mikhalevski, Alexander"]
[Black "Bykhovsky, Avigdor"]
[Result "1/2-1/2"]
[WhiteElo "2435"]
[BlackElo "2405"]

1.d4 Nf6 2.c4 e6 3.Nf3 Bb4+ 4.Nbd2 d5 5.g3 dxc4 6.Bg2 Nc6 7.O-O c3 8.Nb3 cxb2
9.Bxb2 O-O 10.Qc2 Qe7 11.Ne5 Na5 12.Nd3 Nxb3 13.axb3 c6 14.Nxb4 Qxb4 15.Ba3 Qb6
16.Bc5 Qd8 17.Bxf8 Qxf8 18.e4 Bd7 19.Qc3 a6 20.h3 Rc8 21.Ra5 Ne8 22.Rd1 Nd6
23.Qc5 Nb5 24.Raa1 Rd8 25.Rac1 Be8 26.Qb6 Qe7 27.d5 cxd5 28.exd5 Rd6 29.Qc5 e5
30.Re1 f5 31.Bf1 Kf7 32.Bxb5 Bxb5 33.Qc8 Rd7 34.Qh8 Kg6 35.Qb8 e4 36.Qf4 Rxd5
37.Rc7 Qb4 38.Rec1 Bd7 39.g4 Be6 40.Kh2 fxg4 41.hxg4 Qd6 42.Qxd6 Rxd6 43.Rxb7 Bxg4
44.Rcc7 h5 45.Rxg7+ Kf5 46.Rbf7+ Ke5 47.Rg5+ Kd4 48.Rc7 e3 49.Rc4+ Kd3 50.fxe3 Kxe3
51.Kg3 Kd2 52.b4  1/2-1/2